1393 1705 1092 1773 1370 1500 1119 1002 1410 1376 1621 1636 1661 1344 1413 1263 1706 1245 1034 1351 1120 1487 1235 1904 1031 1077 1033 1200 1932 1892 1398 1151 1121 1901 1415 1562 1103 1774 1537 1985 1957 1221 1776 1685 1966 1052 1730 1466 1600 1008 1619 1549 1618 1061 1000 1724 1107 1947 1365 1591 1206 1694 1846 1788 1527 1460 1365 1868 1332 1138 1975 1289 1807 1966 1867 1503 1199 1009 1358 1492 1594 1030 1961 1943 1828 1625 1943 1885 1149 1922 1407 1089 1622 1652 1898 1864 1095 1450 1793 BCNSPRNW ULIB Ver.6.0+V

เปลี่ยนเป็นภาษาไทย

Change to English
 แสดงรายละเอียดบรรณานุกรม
  กลับหน้าหลัก

Brief Record : Get Marc (ISO 2709) : E-mail record : QR code < ปิดหน้าต่าง
LEADER : 00000nam 2200000uu 4500
001    13399113140
003     ULIB
008    110927s2550||||th 000 0 tha d
020    9789747035841
082 04 QA76.75^bช579ก 2550
100 0  ชีวธันย์ ญาณากรสกุล
245 00 ก๊อบปี้ ตัดต่อ แปลงไฟล์ CD/DVD /^cชีวธันย์ ญาณากรสกุล
260    กรุงเทพฯ :^bอี เอ็กซ์พี มีเดียว,^c2550
300    271 หน้า :^bภาพประกอบ
650  7 CD^xการตัดต่อ
650  7 DVD^xการตัดต่อ
945    ^p139^l0^i022899
995    ทศพร
999 ^a ทศพร
รายการนี้ยังไม่มีแท็ก
คุณยังไม่ได้ล็อกอิน คุณสามารถมีกิจกรรมร่วมกับเว็บไซต์ได้ แต่ต้องล็อกอินก่อน ::
  ล็อกอิน

รายการสื่อสารสนเทศ

ลำดับที่ ประเภท เลขเรียก/บาร์โค้ด สถานที่ สถานะ
- ไม่พบข้อมูล -

รายการใกล้เคียง
    ผู้แต่ง [ชีวธันย์ ญาณากรสกุล]

BibComment


ยังไม่เคยถูกคอมเมนท์

คอมเมนท์ทรัพยากรรายการนี้
  คอมเมนท์: ก๊อบปี้ ตัดต่อ แป..


 Copyright 2026. Bcnsprnw @Library